Normal view
MARC view
Entry Personal Name
001 - CONTROL NUMBER
- control field: 51143
003 - CONTROL NUMBER IDENTIFIER
- control field: ARRUPE
005 - DATE AND TIME OF LATEST TRANSACTION
- control field: 20220404082531.0
008 - FIXED-LENGTH DATA ELEMENTS
- fixed length control field: 220404|| aca||aabn | a|a d
040 ## - CATALOGING SOURCE
- Original cataloging agency: ARRUPE
- Transcribing agency: ARRUPE
100 ## - HEADING--PERSONAL NAME
- Personal name: Jensen, Arthur Robert
- Form subdivision: Interviews
670 ## - SOURCE DATA FOUND
- Source citation: Work cat.: (ARRUPE)131208: Miele, Frank. 51142, Intelligence, race, and genetics :, 2004.